000 00575nam a2200193Ia 4500
008 151121s9999||||xx |||||||||||||| ||und||
082 _a813/भावे
082 _bHNW-79188
100 _aभावे राम
245 _aबहुरुपी वामन
260 _b"पुष्प प्रकाशन, पुणे।"
260 _c--
300 _a168
600 _aभावे राम
630 _aबहुरुपी वामन
700 _aभावे राम
730 _aबहुरुपी वामन
942 _cBOOK
999 _c1260576
_d1260573